00647nam a2200169 a 4500008004100000020001500041050001400056100002200070245003500092246005000127260003700177300001400214350000900228995009300237999001700330952013000347120416s1985 ||||||||||||||||| || u a0300039360 aHB 73 Sta aStaniland, Martin10aWhat is the political economy? aa study of social theory and underdevelopment aNew HavenbYale Universityc1985 axi, 229p. a0.00 D0.00FCBU-MAIN LIBRARY (Kitwe)H1I30.00UAVAILABLEZMain Library Open Access Collection c61653d61653 00102lcc4070a001b001cMain Library Open Access Collectiond2022-11-30l0oHB 73 Stap025716r2022-11-30w2022-11-30y002